Peace Words Quiz Stats

 Plays Quiz Updated Feb 12, 2020

Support Sporcle.
Go Orange.
Score 0/47 Timer 08:00
3 Plays Today
Language Peace % Correct
Portuguese Paz
52.7%
Spanish Paz
52.7%
Italian Pace
45.3%
Romanian Pace
45.3%
Latin Pax
44.8%
Hebrew Shalom
38.4%
French Paix
32.3%
ArabicSalam
28.9%
Czech Mir
17.5%
Russian Mir
17.5%
German Friede
16.5%
Danish Fred
15.1%
Norwegian Fred
15.1%
Swedish Fred
15.1%
Afrikaans Vrede
12.4%
Dutch Vrede
12.4%
Bosnian Mir
8.4%
Hindi Shanti
7.9%
BengaliShanti
7.9%
TeluguShanti
7.9%
Japanese Heiwa
5.3%
Chinese (Mandarin)He Ping
5.1%
Greek Irini
4.9%
Albanian Pake
4.8%
Language Peace % Correct
PersianSula
4.7%
FilipinoKapayapaan
4.5%
Polish Pokój
4.1%
Swahili Amani
3.8%
Welsh Heddwch
3.5%
Latvian Miers
3.2%
Turkish Sulh
3%
Irish Sióchain
3%
Aramaic (Syriac, Assyrian) Shlamaa
2.6%
Zulu Thula
2.4%
Klingon Rój
2.3%
Creole Lapé
2.3%
Indonesian Damai
2.2%
Scottish Fois
2.2%
KoreanPhyongh’wa
2.1%
TamilAmaithi
1.9%
Javanese Rukun
1.9%
TibetanSidi
1.8%
InukitutErkigsnek
1.7%
VietnameseSu Thai Binh
1.7%
ThaiS̄ạntip̣hāph
1.6%
Hopi Sipala
1.4%
Burmese Nyeinjanyei
1.2%

From the Vault

Click the Capitals: M

by citkeane

Hopefully you've been studying your African capitals.
Remove Ads.
Support Sporcle.
Get the best of Sporcle when you Go Orange. This ad-free experience offers more features, more stats, and more fun while also helping to support Sporcle. Thank you for becoming a member.

Show Comments

Extras

Top Quizzes Today


Score Distribution

Your Account Isn't Verified!

In order to create a playlist on Sporcle, you need to verify the email address you used during registration. Go to your Sporcle Settings to finish the process.

Report this User

Report this user for behavior that violates our Community Guidelines.

Details: